000 00507nam a2200121Ia 4500
008 220620s9999||||xx |||||||||||||| ||und||
100 _aLeszek Butowski
245 0 _aTourism - From Empirical Research Towards Practical Application
546 _aEnglish[eng]
650 _aHospitality Management||Tourism Development||Social Sciences and Humanities||Management and Economics||Business
856 _uhttps://www.intechopen.com/books/tourism-from-empirical-research-towards-practical-application
942 _cEB
999 _c33030
_d33030